01017nam a2200289 i 4500001000700000003000900007005001700016007000300033008004100036017005200077020001500129040001300144080002600157080002500183080003100208080002100239100005200260245005800312260003600370300005600406504004000462600003100502852003700533942001800570999001900588952012000607142841ES-MaACL20240310062956.0t|071010s1977 sp ||||1| spa d aV 1596-1977 bOficina Depósito Legal Valencia a8471990660 cES-MaACL a73 Benlliure, Mariano a75 Benlliure, José a75 Benlliure, Juan Antonio a929.52 Benlliure1 aVidal Corella, Vicente,d1905-1992eaut911447514aLos Benlliure y su época / cVicente Vidal Corella. aValencia : bPrometeo, c[1977] a370 páginas, 32 páginas de láminas ; c22 cm. aBibliografía: páginas [367]-36814aBenlliure (Familia)927716 aES-MaACLbR.96091cSPP1jA-6891  cMONOGRAFIAn0 c142841d142841 00104070aATENEOMbATENEOMcSPP1d2008-01-17eSCl0oA-6891p1148622r2023-02-23 00:00:00w2023-02-23yMONOGRAFIA